| 000 | 00394nam a22001337a 4500 | ||
|---|---|---|---|
| 999 |
_c17727 _d17727 |
||
| 008 | 190611b xxu||||| |||| 00| 0 eng d | ||
| 020 | _a8173815496 | ||
| 050 |
_aG156.5 _b.R35 2007 c.1 |
||
| 100 | _aRaju, Solomon | ||
| 245 | _aA textbook of ecotourism ecorestoration and sustainable development | ||
| 260 |
_aIndia _bNew Central Book Agency _c2007 |
||
| 300 | _axiii, 190p. | ||
| 942 |
_2lcc _cBK |
||